000 00757nam a2200229Ii 4500
003 JO-AjNU
008 230605s9999||||xx |||||||||||||| ||und||
017 _a1982/2822
020 _a977-10-0004-7
040 _aJO-AjNU
_bara
_erda
_cJO-AjNU
041 _aara
050 1 4 _aGV342.I5 1982
100 3 _aعلاوي، محمد حسن، م.مشارك رضوان، محمد نصر الدين,
_eauthor
_936081
245 0 0 _aاختبارات الأداء الحركي
250 _aط1
264 3 1 _aالقاهرة: دار الفكر العربي، 1982
300 _a396ص
336 _atext
_btxt
_2rdacontent
337 _aunmediated
_bn
_2rdamedia
338 _avolume
_bnc
_2rdacarrier
650 4 _aالاداء الحركي- اختبارات
_936082
999 _aA14958
_c18526
_d18526